| 000 | 00574 a2200157 4500 | ||
|---|---|---|---|
| 020 | _a8178082624 | ||
| 040 |
_aDLC _bDLC |
||
| 082 | _a004.019 | ||
| 100 | _aShneiderman, Ben. | ||
| 245 |
_aDesigning the user interface : strategies for effective human-computer-interaction _cBen Shneiderman |
||
| 260 |
_aNew Delhi: _bPearson Education, _cc.1998. |
||
| 300 |
_axiv, 639 p. : _bill. (some col.) ; _c24 cm. |
||
| 500 | _aIncludes bibliographical references and index | ||
| 650 | _a1.Human-computer interaction.2.User interfaces (Computer systems) | ||
| 942 |
_cBK _k004.019 SHN _2ddc |
||
| 999 |
_c5397 _d5397 |
||